000 00608nam a2200181 i 4500
001 162636
003 ES-MaACL
005 20230906212554.0
008 950424s1848 fr |||| | fre d
040 _aEUS
_bspa
_cEUS
100 0 _aProudhon, Pierre-Joseph.
_994052
245 1 1 _aDe la concurrence entre les chemins de fer et les voies navigables /
_cpar P.-J. Proudhon.
250 _a2e éd.
260 _aParis :
_bGarnier Frères,
_c1848 (
_fE. Thunot et Ce)
300 _aXII, 77 p. ;
_c19 cm.
650 4 _aFerrocarriles-
_zCastilla-La Mancha.
_9158115
852 _aES-MaACL
_jG-8538(2)
_z-- Enc. hol.
999 _c162636
_d162636